LEADER 03018 am 2200649 n 450 001 9910342653603321 005 20181213 010 $a979-1-03-440476-6 024 7 $a10.4000/books.pus.5546 035 $a(CKB)4100000009526232 035 $a(FrMaCLE)OB-pus-5546 035 $a(oapen)https://directory.doabooks.org/handle/20.500.12854/54680 035 $a(PPN)24075784X 035 $a(EXLCZ)994100000009526232 100 $a20191014j|||||||| ||| 0 101 0 $afre 135 $auu||||||m|||| 181 $ctxt$2rdacontent 182 $cc$2rdamedia 183 $acr$2rdacarrier 200 10$aNikolaï Karamzine à Strasbourg $eUn écrivain-voyageur russe dans l?Alsace révolutionnaire (1789) /$fRodolphe Baudin 210 $aStrasbourg $cPresses universitaires de Strasbourg$d2018 215 $a1 online resource (324 p.) 311 $a2-86820-463-5 330 $aLes Lettres d'un voyageur russe (1791-1801) fut le premier récit de voyage littéraire jamais publié en Russie et l'?uvre principale de Nikolaï Karamzine (1766-1826), figure phare du sentimentalisme et premier grand historien de son pays. Dans l'épisode strasbourgeois de ce texte, le narrateur-voyageur de Karamzine est confronté d'une part à l'altérité française (et à son étrange variante alsacienne), et d'autre part à ces landmarks culturels que sont la cathédrale et le mausolée du maréchal de Saxe. Cette confrontation amène l'écrivain à définir sa position, en tant que Russe, vis-à-vis de la France et, en tant qu'artiste, vis-à-vis des paradigmes esthétiques de l'art gothique et de l'art baroque. Mais l'expérience strasbourgeoise est également et surtout politique. C'est en Alsace, en août 1789, que Karamzine découvre la violence révolutionnaire. Cela le frappe durablement et jouera un rôle décisif dans l'évolution qui fait de lui le premier penseur conservateur russe. Fondé largement sur des documents inédits, cet ouvrage présente l'épisode strasbourgeois des Lettres d'un voyageur russe dans le contexte plus large des voyages russes en Alsace au xviiie siècle. 606 $aLiterature 606 $avoyage 606 $aRévolution française 606 $aStrasbourg 606 $alittérature 606 $aAlsace 606 $aXVIIIe siècle 606 $aRussie 606 $ahellénisme 610 $aStrasbourg 610 $aXVIIIe siècle 610 $aRévolution française 610 $alittérature 610 $aAlsace 610 $ahellénisme 610 $aRussie 610 $avoyage 615 4$aLiterature 615 4$avoyage 615 4$aRévolution française 615 4$aStrasbourg 615 4$alittérature 615 4$aAlsace 615 4$aXVIIIe siècle 615 4$aRussie 615 4$ahellénisme 700 $aBaudin$b Rodolphe$01288018 801 0$bFR-FrMaCLE 906 $aBOOK 912 $a9910342653603321 996 $aNikolaï Karamzine à Strasbourg$93025555 997 $aUNINA LEADER 01866oam 2200541M 450 001 9910716497703321 005 20200213070908.6 035 $a(CKB)5470000002521164 035 $a(OCoLC)1065598828 035 $a(OCoLC)995470000002521164 035 $a(EXLCZ)995470000002521164 100 $a20071213d1927 ua 0 101 0 $aeng 135 $aurcn||||||||| 181 $ctxt$2rdacontent 182 $cc$2rdamedia 183 $acr$2rdacarrier 200 10$aArchie O. Sprague. January 15, 1927. -- Committed to the Committee of the Whole House and ordered to be printed 210 1$a[Washington, D.C.] :$c[U.S. Government Printing Office],$d1927. 215 $a1 online resource (18 pages) 225 1 $aHouse report / 69th Congress, 2nd session. House ;$vno. 1777 225 1 $a[United States congressional serial set] ;$v[serial no. 8690] 300 $aBatch processed record: Metadata reviewed, not verified. Some fields updated by batch processes. 300 $aFDLP item number not assigned. 606 $aAccidents 606 $aClaims 606 $aLegislative amendments 606 $aMilitary bases 606 $aSurvivors' benefits 606 $aTarget practice 606 $aWrongful death 608 $aLegislative materials.$2lcgft 615 0$aAccidents. 615 0$aClaims. 615 0$aLegislative amendments. 615 0$aMilitary bases. 615 0$aSurvivors' benefits. 615 0$aTarget practice. 615 0$aWrongful death. 701 $aCarpenter$b Edmund Nelson$f1865-1952$pRepublican (PA)$01389402 801 0$bWYU 801 1$bWYU 801 2$bOCLCO 801 2$bOCLCQ 906 $aBOOK 912 $a9910716497703321 996 $aArchie O. Sprague. January 15, 1927. -- Committed to the Committee of the Whole House and ordered to be printed$93538572 997 $aUNINA LEADER 03441nam 22007572 450 001 9910786110703321 005 20151005020622.0 010 $a1-107-35726-8 010 $a1-107-23404-2 010 $a1-107-34389-5 010 $a1-107-25535-X 010 $a1-107-34764-5 010 $a1-107-34514-6 010 $a1-107-34139-6 010 $a0-511-74408-0 035 $a(CKB)2670000000343972 035 $a(EBL)1139662 035 $a(SSID)ssj0000857597 035 $a(PQKBManifestationID)11943658 035 $a(PQKBTitleCode)TC0000857597 035 $a(PQKBWorkID)10856646 035 $a(PQKB)10529627 035 $a(UkCbUP)CR9780511744082 035 $a(Au-PeEL)EBL1139662 035 $a(CaPaEBR)ebr10695361 035 $a(CaONFJC)MIL485871 035 $a(OCoLC)841486263 035 $a(MiAaPQ)EBC1139662 035 $a(PPN)261295802 035 $a(EXLCZ)992670000000343972 100 $a20100409d2013|||| uy| 0 101 0 $aeng 135 $aur||||||||||| 181 $ctxt$2rdacontent 182 $cc$2rdamedia 183 $acr$2rdacarrier 200 10$aGenetics and philosophy $ean introduction /$fPaul Griffiths, Karola Stotz$b[electronic resource] 210 1$aCambridge :$cCambridge University Press,$d2013. 215 $a1 online resource (viii, 270 pages) $cdigital, PDF file(s) 225 1 $aCambridge introductions to philosophy and biology 300 $aTitle from publisher's bibliographic system (viewed on 05 Oct 2015). 311 $a0-521-17390-6 311 $a1-107-00212-5 320 $aIncludes bibliographical references and index. 327 $aMachine generated contents note: 1. Mendel's gene; 2. The physical gene; 3. The behavioural gene; 4. The reactive genome; 5. Outside the gene; 6. The informational gene; 7. The evolving gene. 330 $aIn the past century, nearly all of the biological sciences have been directly affected by discoveries and developments in genetics, a fast-evolving subject with important theoretical dimensions. In this rich and accessible book, Paul Griffiths and Karola Stotz show how the concept of the gene has evolved and diversified across the many fields that make up modern biology. By examining the molecular biology of the 'environment', they situate genetics in the developmental biology of whole organisms, and reveal how the molecular biosciences have undermined the nature/nurture distinction. Their discussion gives full weight to the revolutionary impacts of molecular biology, while rejecting 'genocentrism' and 'reductionism', and brings the topic right up to date with the philosophical implications of the most recent developments in genetics. Their book will be invaluable for those studying the philosophy of biology, genetics and other life sciences. 410 0$aCambridge introductions to philosophy and biology. 517 3 $aGenetics & Philosophy 606 $aGenes 606 $aGenomics 606 $aGenetics$xPhilosophy 606 $aDevelopmental genetics 615 0$aGenes. 615 0$aGenomics. 615 0$aGenetics$xPhilosophy. 615 0$aDevelopmental genetics. 676 $a572.8/6 686 $aSCI075000$2bisacsh 700 $aGriffiths$b Paul$f1962-$01495377 702 $aStotz$b Karola 801 0$bUkCbUP 801 1$bUkCbUP 906 $aBOOK 912 $a9910786110703321 996 $aGenetics and philosophy$93719454 997 $aUNINA